| 000 | 00567nam a22001577a 4500 | ||
|---|---|---|---|
| 999 |
_c129865 _d129865 |
||
| 008 | 190920b ||||| |||| 00| 0 eng d | ||
| 050 | _aSPC. DT1.T50 M955 | ||
| 100 |
_aMakabva, Adam _948202 |
||
| 245 |
_aA critical analysis of the logic and reasoning behind colonial education in Africa and its consequences to African reasoning and way of life _cAdam Makubva |
||
| 260 |
_aHarare _bArrupe College _c2015 |
||
| 300 |
_aviii, 85p. ; _c31cm. |
||
| 500 | _aThesis | ||
| 650 |
_aEducation _zAfrica _99745 |
||
| 650 |
_aEducation, Colonial _948203 |
||
| 942 |
_2lcc _cSPC |
||